Achoo! : (Record no. 2605)

MARC details
000 -LEADER
fixed length control field 02250cam a22005177i 4500
005 - DATE AND TIME OF LATEST TRANSACTION
control field 20250826141135.0
020 ## - INTERNATIONAL STANDARD BOOK NUMBER
International Standard Book Number 9780545105934
040 ## - CATALOGING SOURCE
Original cataloging agency NLC
Language of cataloging eng
Description conventions rda
Transcribing agency NLC
Modifying agency MUS
-- BAKER
-- BTCTA
-- YDXCP
-- XY4
-- JBO
-- ZE3
-- WAU
-- OCLCF
-- NZAYP
-- SFR
-- CHILD
-- NLC
-- NMC
-- MBE
-- JDP
-- OCLCO
-- OCL
-- TXGRL
-- CSO
-- OCLCO
-- OCLCQ
-- OCLCO
-- IUL
-- OCLCO
-- DLC
050 00 - LIBRARY OF CONGRESS CALL NUMBER
Classification number QR181.8
082 04 - DEWEY DECIMAL CLASSIFICATION NUMBER
Classification number 616.01
100 1# - MAIN ENTRY--PERSONAL NAME
Personal name Romanek, Trudee
245 10 - TITLE STATEMENT
Title Achoo! :
Remainder of title the most interesting book you'll ever read about germs /
Statement of responsibility, etc. written by Trudee Romanek ; illustrated by Rose Cowles
260 ## - PUBLICATION, DISTRIBUTION, ETC.
Place of publication, distribution, etc. New York :
Name of publisher, distributor, etc. Scholastic,
Date of publication, distribution, etc. 2003
300 ## - PHYSICAL DESCRIPTION
Extent 40 pages :
Other physical details color illustrations ;
Dimensions 25 cm .
490 1# - SERIES STATEMENT
Series statement Mysterious you
500 ## - GENERAL NOTE
General note Includes index.
505 0# - FORMATTED CONTENTS NOTE
Formatted contents note Z <br/>
520 ## - SUMMARY, ETC.
Summary, etc. In the fifth Mysterious You book, Achoo!, kids probe the secrets of illness and sniff out what germs are, why they sometimes make us sick, how our bodies battle them and how vaccines protect us against them. This unique series explores the mysteries of the human body using a mix of thoroughly researched factual information, amazing anecdotes and surprising try-it activities.
Assigning source I
521 ## - TARGET AUDIENCE NOTE
Target audience note 990 <br/>
Source Lexile <br/>
521 ## - TARGET AUDIENCE NOTE
Target audience note Z <br/>
Source Raz-Plus <br/>
650 #0 - SUBJECT ADDED ENTRY--TOPICAL TERM
Topical term or geographic name entry element Bacteria
Form subdivision Juvenile literature.
650 #0 - SUBJECT ADDED ENTRY--TOPICAL TERM
Topical term or geographic name entry element Viruses
Form subdivision Juvenile literature.
650 #0 - SUBJECT ADDED ENTRY--TOPICAL TERM
Topical term or geographic name entry element Immune system
Form subdivision Juvenile literature.
650 #1 - SUBJECT ADDED ENTRY--TOPICAL TERM
Topical term or geographic name entry element Bacteria.
650 #1 - SUBJECT ADDED ENTRY--TOPICAL TERM
Topical term or geographic name entry element Viruses.
650 #1 - SUBJECT ADDED ENTRY--TOPICAL TERM
Topical term or geographic name entry element Immune system.
650 #6 - SUBJECT ADDED ENTRY--TOPICAL TERM
Topical term or geographic name entry element Bactéries
Form subdivision Ouvrages pour la jeunesse.
650 #6 - SUBJECT ADDED ENTRY--TOPICAL TERM
Topical term or geographic name entry element Virus
Form subdivision Ouvrages pour la jeunesse.
650 #6 - SUBJECT ADDED ENTRY--TOPICAL TERM
Topical term or geographic name entry element Système immunitaire
Form subdivision Ouvrages pour la jeunesse.
650 #7 - SUBJECT ADDED ENTRY--TOPICAL TERM
Topical term or geographic name entry element Bacteria.
Source of heading or term fast
Authority record control number or standard number (OCoLC)fst00825152
650 #7 - SUBJECT ADDED ENTRY--TOPICAL TERM
Topical term or geographic name entry element Immune system.
Source of heading or term fast
Authority record control number or standard number (OCoLC)fst00967877
650 #7 - SUBJECT ADDED ENTRY--TOPICAL TERM
Topical term or geographic name entry element Viruses.
Source of heading or term fast
Authority record control number or standard number (OCoLC)fst01167771
650 #7 - SUBJECT ADDED ENTRY--TOPICAL TERM
Topical term or geographic name entry element Health.
Source of heading or term sears
650 #7 - SUBJECT ADDED ENTRY--TOPICAL TERM
Topical term or geographic name entry element Immune system.
Source of heading or term sears
650 #7 - SUBJECT ADDED ENTRY--TOPICAL TERM
Topical term or geographic name entry element Bacteria.
Source of heading or term sears
650 #7 - SUBJECT ADDED ENTRY--TOPICAL TERM
Topical term or geographic name entry element Comprehension Strategies
General subdivision Connecting.
Source of heading or term sears
650 #7 - SUBJECT ADDED ENTRY--TOPICAL TERM
Topical term or geographic name entry element Viruses.
Source of heading or term sears
655 #4 - INDEX TERM--GENRE/FORM
Genre/form data or focus term Children's nonfiction.
Institution to which field applies NZ-WeK
655 #7 - INDEX TERM--GENRE/FORM
Genre/form data or focus term Literature.
Source of term fast
Authority record control number or standard number (OCoLC)fst01921716
655 #7 - INDEX TERM--GENRE/FORM
Genre/form data or focus term Juvenile works.
Source of term fast
Authority record control number or standard number (OCoLC)fst01411637
655 #7 - INDEX TERM--GENRE/FORM
Genre/form data or focus term Literature.
Source of term lcgft
700 1# - ADDED ENTRY--PERSONAL NAME
Personal name Cowles, Rose
906 ## - LOCAL DATA ELEMENT F, LDF (RLIN)
a 7
b cbc
c copycat
d 2
e ncip
f 20
g y-gencatlg
942 ## - ADDED ENTRY ELEMENTS (KOHA)
Source of classification or shelving scheme Dewey Decimal Classification
Koha item type Books
Suppress in OPAC No
999 ## -
-- 2605
-- 2605
Holdings
Withdrawn status Lost status Source of classification or shelving scheme Damaged status Not for loan Collection Home library Current library Shelving location Date acquired Total Checkouts Full call number Barcode Date last seen Price effective from Koha item type Copy number
    Dewey Decimal Classification     Non-Fiction Footprints International School Library Network Toul Kork Campus Footprints International School Library Network Toul Kork Campus TTP Secondary Non-Fiction Bookshelves 01/04/2024   ROM 616.01 QR181.8 FISTK04920 01/04/2024 01/04/2024 Books  
    Dewey Decimal Classification     Non-Fiction Footprints International School Library Network Toul Kork Campus Footprints International School Library Network Toul Kork Campus A TK Campus, 4th Floor, Room B401, Non-Fiction Bookcases(7-8) 01/30/2025   ROM 616.01 QR181.8 FISTK05574 01/30/2025 01/30/2025 Books 2
    Dewey Decimal Classification     Non-Fiction Footprints International School Library Network Toul Tom Poung Campus Footprints International School Library Network Toul Tom Poung Campus TTP Secondary Non-Fiction Bookshelves 08/26/2025   ROM 616.01 QR181.8 FISSE01316 08/26/2025 08/26/2025 Books 3